Подробности
| 000 -МАРКЕР |
| контрольное поле |
01410nam0a2200277 4500 |
| 001 - ИДЕНТИФИКАТОР ЗАПИСИ |
| контрольное поле |
RU\NLR\b_ik\96311 |
| 005 - ИДЕНТИФИКАТОР ВЕРСИИ |
| контрольное поле |
20260406124927.0 |
| 035 ## - ДРУГИЕ СИСТЕМНЫЕ НОМЕРА |
| Идентификатор записи |
(NLR Aleph) 002170276 |
| 100 ## - ДАННЫЕ ОБЩЕЙ ОБРАБОТКИ |
| Данные общей обработки |
20030402d2001 |||y0rusy50 ca |
| 101 0# - ЯЗЫК РЕСУРСА |
| Язык текста, звукозаписи и т.д. |
английский |
| 102 ## - СТРАНА ПУБЛИКАЦИИ ИЛИ ПРОИЗВОДСТВА |
| Страна публикации |
российская федерация |
| 105 ## - ПОЛЕ КОДИРОВАННЫХ ДАННЫХ: ТЕКСТОВЫЕ МАТЕРИАЛЫ, МОНОГРАФИЧЕСКИЕ |
| Кодированные данные о монографическом текстовом документе |
a ||||||||| |
| 200 1# - ЗАГЛАВИЕ И СВЕДЕНИЯ ОБ ОТВЕТСТВЕННОСТИ |
| Основное заглавие |
Annual report [of] Bogoliubov laboratory of theoretical physics |
| Сведения, относящиеся к заглавию |
Rep. to the 91st Sess. of the JINR Sci. council Jan. 17-18, 2002 |
| Первые сведения об ответственности |
A.T. Filippov |
| 210 ## - ПУБЛИКАЦИЯ, РАСПРОСТРАНЕНИЕ И ДР. |
| Место издания, распространения и т.д. |
Dubna |
| Имя издателя, распространителя и т. д. |
Joint inst. for nuclear research |
| Дата издания, распространения и т.д. |
2001 |
| 215 ## - ФИЗИЧЕСКАЯ ХАРАКТЕРИСТИКА |
| Специфическое обозначение материала и объем |
16 c. |
| Размеры |
21 |
| 225 1# - СЕРИЯ |
| Основное заглавие серии |
Joint institute for nuclear research |
| Обозначение тома |
2001-276 |
| 601 02 - НАИМЕНОВАНИЕ ОРГАНИЗАЦИИ КАК ПРЕДМЕТ |
| Начальный элемент ввода |
Объединенный институт ядерных исследований |
| Структурное подразделение организации |
Лаборатория теоретической физики им. Н.Н.Боголюбова |
| Идентифицирующий признак |
Дубна, город; Московская область |
| Тематический подзаголовок |
Научно-исследовательская работа |
| Системный номер авторитетной/нормативной записи |
2084263 |
| Идентификатор авторитетной/нормативной записи |
RU\NLR\AUTH\661260346 |
| 686 4# - ИНДЕКСЫ ДРУГИХ КЛАССИФИКАЦИЙ |
| Индекс |
В31е(2)л2-15 |
| 700 #1 - ИМЯ ЛИЦА - ПЕРВИЧНАЯ ОТВЕТСТВЕННОСТЬ |
| Начальный элемент ввода |
Filippov |
| Часть имени, кроме начального элемента ввода |
A. T. |
| Расширение инициалов личного имени |
Aleksandr Tichonovič |
| Код отношения |
Автор |
| 712 02 - НАИМЕНОВАНИЕ ОРГАНИЗАЦИИ - ВТОРИЧНАЯ ОТВЕТСТВЕННОСТЬ |
| Код отношения |
Прочие |
| Материалы, к которым относится поле |
eng |
| Начальный элемент ввода |
Joint institute for nuclear research |
| Идентифицирующий признак |
Dubna |
| Структурное подразделение |
Bogoliubov laboratory of theoretical physics |
| Графика поля |
Латинская |
| Идентификатор авторитетной/нормативной записи |
RU\NLR\AUTH\8817953 |
| Системный номер авторитетной/нормативной записи |
309136 |
| 801 #0 - ИСТОЧНИК ЗАПИСИ |
| Страна |
российская федерация |
| Организация |
NLR |
| Дата составления |
20030402 |
| Правила каталогизации |
PSBO |
| 830 ## - ОБЩЕЕ ПРИМЕЧАНИЕ, СОСТАВЛЕННОЕ КАТАЛОГИЗАТОРОМ |
| Текст примечания |
Отчет Боголюбовской лаборатории теоретической физики. |
| 942 ## - ДОПОЛНИТЕЛЬНЫЕ ЭЛЕМЕНТЫ ЗАПИСИ (АБИС) |
| Тип экземпляра АБИС |
Книга |
| 980 ## - КОЛЛЕКЦИЯ |
| Название коллекции |
Национальная библиография |